| 000 | 07193nam a22005897a 4500 | ||
|---|---|---|---|
| 005 | 2008090307237.0 | ||
| 008 | 080903t xxu||||| |||| 00| 0 eng d | ||
| 010 | _aB-271978-272007 | ||
| 020 |
_a8175569999 _c185.00 |
||
| 035 | _aB-271978-272007 | ||
| 037 | _aPragati Prakashan/23296/30.5.08/80/16.5.08/9.6.08/ | ||
| 040 |
_adpl _bEnglish |
||
| 082 | _a572.80285 | ||
| 100 | _aSinghal, Sandeep | ||
| 245 |
_aPragati's a text book of bio-informatics: _cby Sandeep Singhal [and] Sonalika Singhal _ban ideal text book for bio-informatics student) / |
||
| 260 |
_aMeerut _bPragati Prakashan _c2006 |
||
| 270 |
_a240, Western Kutchery Road, _bMeerut _e250002 |
||
| 300 |
_axii, 420p. _c25 cm (pbk) |
||
| 700 | _aSinghal, Sonalika | ||
| 942 |
_2ddc _cEN _mSIN _h572.80285 |
||
| 999 |
_c19922 _d19922 |
||